Регионална библиотека "Любен Каравелов" - Русе

Упоритост и трудолюбие (Запис номер 506650)

MARC детайли
000 -Лидер
Лидер 01616aaa a2200289 a 4500
003 - Код на организацията, давaща контролен номер
Код на организацията, даваща контролен номер BLK
005 - Дата и час на последна редакция
Дата и час на последна редакция 20240321113014.0
007 - Фиксирано поле за физическо описани
Физическо описание ta
008 - Елементи от данни с фиксирана дължина
Елементи с фиксирана дължина 221104b bu |||||r|||| 00| | bu d
040 ## - Източник на каталожния запис
Код на библиотеката BLK
041 ## - Код за език
Език Български
Език за КДБФ Български
080 ## - УДК
УДК текст Българска литература(изследвания)
УДК код 821.163.2.09
УДК – определител (092)
УДК – код + определител 821.163.2.09(092)
080 ## - УДК
УДК текст Бълг. общественик, писател, редактор
УДК код 929 Добрев, Димитър
УДК – код + определител 929 Добрев, Димитър
100 ## - Редна дума - Автор
R(LIN) 373479
Автор Велков, Пелин
245 ## - Сведения за заглавието
Заглавие Упоритост и трудолюбие
Авторска отговорност Пелин Велков.
300 ## - Физическа характеристика
Брой страници № 5, 31 януари 1974, с. 6
520 ## - Забележка за наличие на резюме, анотация и т.н
Анотация, рецензия Съдържа и поздравителна телеграма от СБП до Д. Добрев по случай 70 год. от рождението му
600 #0 - Име на лице, използвано като предмет
За него / За нея Добрев, Димитър
Друга информация Поет, писател, преводач от руски език. Основател и издател на вестник "Светлоструй"
Свързани дати 1904-1985
Пълна форма на името Димитров, Димитър Добрев
9 (RLIN) 364701
653 ## - Ключова дума – ненормативна
9 (RLIN) 182706
Ключови думи български писатели
653 ## - Ключова дума – ненормативна
9 (RLIN) 195381
Ключови думи редактори
653 ## - Ключова дума – ненормативна
9 (RLIN) 193794
Ключови думи писма
653 ## - Ключова дума – ненормативна
9 (RLIN) 400947
Ключови думи юбилеи и чествания
773 0# - Описание на основна библиографска единица при аналитични записи (многотомни)
Заглавие на източника ЛИТЕРАТУРЕН ФРОНТ
Място на издаване, издател и година Лит. форум 1944
Контролен номер на записа 292197
Международен стандартен номер на серията ISSN 0861-2153
Редна дума на основното описание Сдружение на бълг. писатели
Информация за връзката . //
856 ## - Електронен адрес и достъп
Инструкция (цена за достъп) 0.00
Права за достъп disable
942 ## - АРТИКУЛИ
Източник на класификационната схема Universal Decimal Classification
Вид на библиотечния документ Статия
Скрит в OPAC Не
944 ## - СЪЗДАВАНЕ И РЕДАКЦИЯ на ЗАПИСА
Дата на регистрацията/редакция Севдалина Тодорова
Служител, извършил регистрацията/редакцията 30560
Номер на служител Геновева Генчева
Създаване/Редакция
999 ## - СИСТЕМНИ КОНТРОЛНИ НОМЕРА
Koha biblionumber 506650
Koha biblioitemnumber 506650

Няма налични копия.

Vip Innovations Ltd, Rousse, Bulgaria 2025